Central Library OPAC University of Rajshahi

The people, politics, and the politician : (Record no. 36531)

MARC details
000 -LEADER
fixed length control field 00903nam a2200265 4500
001 - CONTROL NUMBER
control field 36531
003 - CONTROL NUMBER IDENTIFIER
rucl marc code BD-RjUL
005 - DATE AND TIME OF LATEST TRANSACTION
control field 20211209052512.0
008 - FIXED-LENGTH DATA ELEMENTS--GENERAL INFORMATION
fixed length control field 140625s1955 nyu 000 0 eng d
035 ## - SYSTEM CONTROL NUMBER
System control number (BD-RjUL)36631
System control number (NNC)1474567
040 ## - CATALOGING SOURCE
Modifying agency NjR
-- NNC
Original cataloging agency BD-RjUL
Language of cataloging eng
Transcribing agency BD-RjUL
041 ## - LANGUAGE CODE
Language code of text/sound track or separate title eng
082 04 - DEWEY DECIMAL CLASSIFICATION NUMBER
Classification number 352.7382
Author mark and year CHP 1955
100 1# - MAIN ENTRY--PERSONAL NAME
Personal name Christensen, A. N.
Fuller form of name (Asher Norman),
Dates associated with a name 1903-,
9 (RLIN) 111237
245 14 - TITLE STATEMENT
Title The people, politics, and the politician :
Remainder of title an anthology of American politics in action /
Statement of responsibility, etc. A. N. Christensen and Evron M. Kirkpatrick.
250 ## - EDITION STATEMENT
Edition statement Rev and Brief Edition
260 ## - PUBLICATION, DISTRIBUTION, ETC. (IMPRINT)
Place of publication, distribution, etc. New York :
Name of publisher, distributor, etc. Holt ,
Date of publication, distribution, etc. 1955.
300 ## - PHYSICAL DESCRIPTION
Pagination xiv,541 p. ;
Size 25 cm.
651 #0 - SUBJECT ADDED ENTRY--GEOGRAPHIC NAME
Geographic name United States
General subdivision Politics and government.
9 (RLIN) 111238
700 1# - ADDED ENTRY--PERSONAL NAME
Personal name Kirkpatrick, E. M.
Fuller form of name (Evron Maurice),
Dates associated with a name 1911-,
Relator term editor.
942 ## - ADDED ENTRY ELEMENTS (KOHA)
Source of classification or shelving scheme Dewey Decimal Classification
Koha item type Books
Holdings
Lost status Source of classification or shelving scheme Damaged status Not for loan Collection code Permanent Location Current Location Shelving location Date acquired Source of acquisition Cost, normal purchase price Total Checkouts Full call number Date last seen Copy number Koha item type
  Dewey Decimal Classification     Non-fiction Central Library, University of Rajshahi Central Library, University of Rajshahi   12/01/1965 Zeitlinger 28.00   352.7382 CHP 1955 25/06/2014 C-3 Books